000 00430cam a2200169ua 4500
020 _c5.00
041 _amal
_h
082 _a930.1
_bPAR/PR
100 _aParameswaran Pillai, V R .
245 _aPracheena Likhithangal /
_cV R Parameswaran Pillai.
_hTextual Documents
260 _aKottayam :
_bNational Book Stall ,
_c1963.
300 _a384 ; .
365 _a5.00
504 _a
942 _cBK
999 _c6115
_d6115